| 000 | 00923cam a2200241 4500 | ||
|---|---|---|---|
| 001 | WS118989 | ||
| 008 | 020722n 000 0 eng u | ||
| 035 | _a(Sirsi) u118989 | ||
| 245 | _aEuropean Union Information Society Programme (UKISHELP) | ||
| 520 | _aWeb site for this service to help UK organisations bid for funds from the EU's Information Society programmes which give money to innovative technology projects. It gives an overview of funds available and how to apply for them. | ||
| 650 | _aFRAMEWORK 6 | ||
| 650 | _aEUROPEAN RESEARCH AREA | ||
| 650 | _aEUROPE | ||
| 650 | _aINFORMATION SOCIETY | ||
| 650 | _aFUNDING | ||
| 650 | _aDTI | ||
| 650 | _aGRANTS | ||
| 650 | _aTELECOMMUNICATIONS | ||
| 650 | _aINTERNATIONAL | ||
| 690 | _aMANAGEMENT-BUSINESS MANAGEMENT-INFORMATION MANAGEMENT | ||
| 856 | 4 | 0 |
_uhttps://www.ukishelp.co.uk _zView the website free of charge at www.ukishelp.co.uk... |
| 942 | _n0 | ||
| 999 |
_c120128 _d120128 |
||